1107 1371 1537 1601 1761 1997 1637 1540 1115 1035 1284 1618 1063 1982 1526 1817 1825 1269 1214 1491 1745 1847 1338 1355 1521 1125 1658 1892 1740 1375 1884 1898 1378 1069 1037 1569 1048 1163 1802 1842 1910 1128 1710 1289 1892 1715 1856 1483 1779 1828 1113 1598 1812 1550 1279 1937 1358 1757 1084 1517 1710 1752 1844 1800 1788 1439 1022 1063 1798 1448 1003 1267 1449 1429 1068 1510 1177 1343 1497 1644 1770 1186 1119 1626 1862 1996 1458 1227 1285 1441 1603 1132 1213 1802 1619 1996 1529 1180 1431 BCNSPRNW ULIB Ver.6.0+V

เปลี่ยนเป็นภาษาไทย

Change to English
 แสดงรายละเอียดบรรณานุกรม
  กลับหน้าหลัก

Brief Record : Get Marc (ISO 2709) : E-mail record : QR code < ปิดหน้าต่าง
LEADER : 00000nam 2200000uu 4500
001    13399112209
003     ULIB
008    110801s2554||||th 000 0 tha d
024    9786165010085
090    นว.^bป111ส 2554
100 0  ป.ศิลา
245 00 สะดุดรักที่พักกอง^c ป.ศิลา
260    กรุงเทพฯ:^bPrincess, ^c2554.
300    384 หน้า
945    ^p240^l0^i18463
995    เกษร
999 ^a ใช้งานได้ทุกระบบ
รายการนี้ยังไม่มีแท็ก
คุณยังไม่ได้ล็อกอิน คุณสามารถมีกิจกรรมร่วมกับเว็บไซต์ได้ แต่ต้องล็อกอินก่อน ::
  ล็อกอิน

รายการสื่อสารสนเทศ

ลำดับที่ ประเภท เลขเรียก/บาร์โค้ด สถานที่ สถานะ
1. วิทยาศาสตร์การแพทย์ และสุขภาพ
วิทยาศาสตร์การแพทย์ และสุขภาพ
นว. ป111ส 2554  
  Barcode: 18463
ห้องสมุดวิทยาเขตสวรรค์ประชารักษ์
►นวนิยาย
บนชั้น
  ขอยืม

รายการใกล้เคียง
    ผู้แต่ง [ป.ศิลา]

BibComment


ยังไม่เคยถูกคอมเมนท์

คอมเมนท์ทรัพยากรรายการนี้
  คอมเมนท์: สะดุดรักที่พักกอง..


 Copyright 2026. Bcnsprnw @Library